alphabet 30 seconds - Statistics

General Stats
  • This quiz has been taken 258 times
  • The average score is 24 of 26
Answer Stats
number Answer % Correct
1 a
97%
7 g
97%
8 h
97%
2 b
96%
3 c
96%
4 d
96%
5 e
96%
6 f
96%
9 i
96%
10 j
95%
12 l
95%
11 k
94%
14 n
94%
15 o
93%
20 t
93%
13 m
92%
17 q
92%
18 r
92%
23 w
92%
25 y
92%
16 p
91%
26 z
91%
19 s
90%
21 u
90%
22 v
90%
24 x
90%
No matching quizzes found
Score Distribution
Percent of People with Each Score
Percentile by Number Answered
Your Score History
You have not taken this quiz